Спортивные сувениры: на русском и английском языках

Մատենագիտական մանրամասներ
Հիմնական հեղինակ: Ильинский В. Василий
Ամփոփում:Исключено из фонда НТБ ТПУ
Լեզու:ռուսերեն
Հրապարակվել է: Москва, Прогресс, 1979
Խորագրեր:
Ձևաչափ: MixedMaterials Գիրք
KOHA link:https://koha.lib.tpu.ru/cgi-bin/koha/opac-detail.pl?biblionumber=124772

MARC

LEADER 00000nam0a2200000 4500
001 124772
005 20250513110344.0
035 |a (RuTPU)RU\TPU\book\135027 
090 |a 124772 
100 |a 20071107d1979 m y0rusy50 ca 
101 2 |a rus 
102 |a RU 
105 |a a z 000zy 
200 1 |a Спортивные сувениры  |e на русском и английском языках  |f В. Ильинский 
210 |a Москва  |c Прогресс  |d 1979 
215 |a 102 с.  |c ил. 
333 |a Исключено из фонда НТБ ТПУ 
610 1 |a спорт 
610 1 |a сувениры 
610 1 |a Олимпийские игры 
610 1 |a история 
610 1 |a символика 
610 1 |a медали 
610 1 |a значки 
675 |a 79  |v 3 
700 1 |a Ильинский  |b В.  |g Василий 
801 1 |a RU  |b 63413507  |c 20071107  |g PSBO 
850 |a 63413507 
942 |c BK